00965nam a2200301 a 450000100060000000300100000600500170001600700030003300800410003602000150007704000260009204100130011808200160013108400110014710000310015824500880018925000180027726400390029530000270033433600270036133700330038833800280042150000250044950000670047465000370054165000510057870000340062959018CO-BoRNBP20250902145628.0ta970523t1992 ck a jr 000 f spa  a9580700648 aCO-BoBNbspacCO-BoBN aspahfre04a843.914223 aN PRA31 aPratte, François,d1958-13aEl ejército rosado de Awa /cFrançois Pratte ; ilustraciones de Suzane Langlois a2a. edición aMedellín, ColombiabEdiluxc1992 a60 p. :bil. ;c18 cm. 2rdacontentatextobtxt 2rdamediaasin mediaciónbn 2rdacarrieravolumenbnc aCoedición: Susaeta aIncluye: datos biográficos del autor e ilustrador en prelim.19aNovela infantil canadiense2LEMB29aLiteratura infantil canadienseySiglo XX2LEMB1 aLanglois, Suzane,eilustrador